000 00338nam a2200145Ia 4500
008 191201s2008 xx 000 0 und d
082 _a658.4038
_bJAM
100 _aJAWADEKAR, Waman S
245 0 _aManagement Information Systems
250 _aRep.
260 _aN.Delhi
_bTMH
_c2008
300 _a786
650 _aMCA
942 _2ddc
_cBK
999 _c3664
_d3664